000
00284nam a2200109Ia 4500
001
1272251
005
20260417151425.0
008
260417s9999 xx 000 0 und d
020
_a
9786256999992
245
0
_a
Kitap Avcıları-Yunus Emre
_c
Feride Kurtulmuş
260
_b
Ketebe Çocuk
999
_c
1272251
_d
1272251